MARC

LEADER 00000nam0a2200000 4500
001 309324
005 20231102002159.0
035 |a (RuTPU)RU\TPU\book\334646 
090 |a 309324 
100 |a 20151112d1981 km y0rusy50 ca 
101 0 |a rus 
102 |a RU 
105 |a a z 001zb 
200 1 |a Франц Легар  |f А. Р. Владимирская 
210 |a Ленинград  |c Музыка  |d 1981 
215 |a 176 с.  |c ил. 
320 |a Библиогр.: с. 172 
600 1 |a Легар  |b Ф.  |c венгерский композитор, дирижёр  |f 1870-1948  |g Ференц (Франц)  |2 stltpush  |3 (RuTPU)RU\TPU\pers\44198  |9 21784 
606 1 |a Композиторы  |2 stltpush  |3 (RuTPU)RU\TPU\subj\15032  |9 41330 
610 1 |a музыка 
610 1 |a музыкальный театр 
610 1 |a оперы 
610 1 |a музыкальные спектакли 
610 1 |a оперетты 
610 1 |a Венгрия 
675 |a 78.071.1  |v 4 
700 1 |a Владимирская  |b А. Р.  |g Алла Рудольфовна 
801 1 |a RU  |b 63413507  |c 20151112 
801 2 |a RU  |b 63413507  |c 20190809  |g RCR 
942 |c BK